000 00761nam a2200265Ia 4500
003 OSt
005 20221005085536.0
006 a|||||r|||| 00| 0
007 ta
008 221004b |||||||| |||| 00| 0 eng d
024 _a41349
037 _cTextual
040 _aCRL
_cCRL
_beng
041 _2eng
_aeng
082 _aO-,3aN1, M1
100 _aHager Philip E
_9614295
245 0 _aNovels of world war I
_b Annotated bibliography
260 _aNew York
_bGarland
_c1981
300 _axvii, 449p
_ccm.
490 _aGarland reference library of humanities; 232
650 _aENGLISH LITERATURE
700 _a Taylor Desmond
_97607
942 _hO-,3aN1, M1
_cTEXL
_2cc
999 _c994373
_d994373